000 00618nam a2200229Ia 4500
003 OSt
005 20220916111038.0
006 a|||||r|||| 00| 0
007 ta
008 220915b |||||||| |||| 00| 0 eng d
024 _a157547
037 _cTextbook
040 _beng
_aARTS
_cARTS
041 _aeng
082 _aT150Y1.611CM, L0 (906)
100 _aDubbleldam L F B
245 0 _aPrimary school and the community in Mwanza district, Tanzania
260 _c1970
650 _aEDUCATION
942 _hT150Y1.611CM, L0 (906)
_cTB
_2CC
999 _c104451
_d104451